Karel Jan Sigmund : malíř Železných hor /

Main Author: Kmošek, Petr, 1946-
Other Authors: Sigmund, Karel Jan, 1897-1959
Language: Czech
Published: Heřmanův Městec : P. Kmošek, 2011
Edition: Vyd. 1.
Subjects:
Online Access: Digitalizovaný dokument
Physical Description: 268 s. : il. (převážně barev.), portréty, faksim. ; 31 cm
Language note: Anglické a německé resumé
Book
Saved in:
LEADER 02642nam a2200697 a 4500
001 nkc20112196488
003 CZ PrNK
005 20171204235016.0
007 ta
008 110613s2011 xr ach f 001 0dcze
015 |a cnb002196488 
020 |a 978-80-260-0060-0  |q (váz.) 
035 |a (OCoLC)752795733 
040 |a OLA001  |b cze  |d BOA001 
041 0 |a cze  |b eng  |b ger 
043 |a e-xr---  |b e-xr-cc  |2 czenas 
045 |a x2x5 
072 7 |a 75  |x Malířství  |2 Konspekt  |9 21 
080 |a 75.071.1  |2 MRF 
080 |a 75(437.3)  |2 MRF 
080 |a 75.047  |2 MRF 
080 |a 75.036/.038  |2 MRF 
080 |a 7.04  |2 MRF 
080 |a (437.3)  |2 MRF 
080 |a (437.31-11)  |2 MRF 
080 |a (048.8)  |2 MRF 
080 |a (084.11)  |2 MRF 
100 1 |a Kmošek, Petr,  |d 1946-  |7 jo20000071166  |4 aut 
245 1 0 |a Karel Jan Sigmund :  |b malíř Železných hor /  |c Petr Kmošek 
246 1 8 |a Karel Jan Sigmund - malíř Železných hor 
250 |a Vyd. 1. 
260 |a Heřmanův Městec :  |b P. Kmošek,  |c 2011 
300 |a 268 s. :  |b il. (převážně barev.), portréty, faksim. ;  |c 31 cm 
504 |a Obsahuje bibliografii, bibliografické odkazy a rejstřík 
546 |a Anglické a německé resumé 
600 1 7 |a Sigmund, Karel Jan,  |d 1897-1959  |7 jo2005274235  |2 czenas 
648 7 |a 20. století  |7 ch460558  |2 czenas 
648 4 |a 1920-1959 
650 0 7 |a malíři  |7 ph122596  |z Česko  |y 20. století  |2 czenas 
650 0 7 |a české malířství  |7 ph116864  |y 20. století  |2 czenas 
650 0 7 |a krajinomalba  |7 ph121926  |z Česko  |y 20. století  |2 czenas 
650 0 7 |a moderní malířství  |7 ph122940  |z Česko  |2 czenas 
650 0 7 |a umělecké náměty  |7 ph138227  |2 czenas 
650 0 9 |a painters  |z Czechia  |y 20th century  |2 eczenas 
650 0 9 |a Czech painting  |y 20th century  |2 eczenas 
650 0 9 |a landscape painting  |z Czechia  |y 20th century  |2 eczenas 
650 0 9 |a modern painting  |z Czechia  |2 eczenas 
650 0 9 |a artistic themes  |2 eczenas 
651 7 |a Železné hory (Česko : oblast)  |7 ge292722  |2 czenas 
651 9 |a Železné hory Region (Czechia)  |2 eczenas 
655 7 |a monografie  |7 fd132842  |2 czenas 
655 7 |a obrazové publikace  |7 fd132947  |2 czenas 
655 9 |a monographs  |2 eczenas 
655 9 |a pictorial works  |2 eczenas 
700 1 |a Sigmund, Karel Jan,  |d 1897-1959  |7 jo2005274235  |4 ill 
856 4 1 |u http://www.digitalniknihovna.cz/mzk/uuid/uuid:6668cdc0-c3b9-11e7-9c14-005056827e51  |y Digitalizovaný dokument  |x NDK 
910 2 |a BOA001  |b 4-1271.249 
990 |a BK 
995 |a 01 
991 |b 201108  |c NOV  |e n 
996 6 |b 2610485312  |c 4-1271.249  |l MZK  |r Sklad / do 1 hodiny  |n 1  |p p.v.  |w 001195670  |u 000010  |a 1  |e BOA001  |j MZK50  |s P